000 00228nam a22000977a 4500
008 160511b xxu||||| |||| 00| 0 eng d
041 _aeng
080 _a316.77
245 _aThe american language:
_cH. L. Mencken;
942 _2udc
_cBK
999 _c2038
_d2038